Quick Pick: Brad Pitt Roles Quiz Stats

 Plays Quiz Updated Jul 21, 2018

Challenge
Share
Tweet
Embed
Score 0/8 Timer 01:00
0 Plays Today
% Correct
Troy
93.9%
Fight Club
84.1%
Se7en
83.1%
Moneyball
73.1%
Ocean's Eleven
66.2%
Thelma & Louise
64.9%
Seven Years in Tibet
56.7%
World War Z
47.3%

Today's Daily Dose

Missing Word
'F' Pairs

Word Ladder
Mixed Synonyms

On This Day
August 15th II

You're not logged in!

Compare scores with friends on all Sporcle quizzes.
Join for Free
OR
Log In

You Might Also Like...

Show Comments

Extras

Top Quizzes Today


Score Distribution

Your Account Isn't Verified!

In order to create a playlist on Sporcle, you need to verify the email address you used during registration. Go to your Sporcle Settings to finish the process.

Report this User

Report this user for behavior that violates our Community Guidelines.

Details: